The Arbitration Act with commentaries act no.x of 1940 (Record no. 542597)

000 -LEADER
fixed length control field 00483cam a2200157Ia 4500
082 ## - DEWEY DECIMAL CLASSIFICATION NUMBER
Classification number 347.09
Author Mark BHA
-- L-31, P-53
100 1# - MAIN ENTRY--PERSONAL NAME
Personal name Bhatia, S.L
9 (RLIN) 37831
245 14 - TITLE STATEMENT
Title The Arbitration Act with commentaries act no.x of 1940
Remainder of title a commentary /
Statement of responsibility, etc. S.L Bhatia
250 ## - EDITION STATEMENT
Edition statement 5th ed.
260 ## - PUBLICATION, DISTRIBUTION, ETC.
Place of publication, distribution, etc. Lahore, Pakistan;
Name of publisher, distributor, etc. A.M. John & Co.,
Date of publication, distribution, etc. 1959
300 ## - PHYSICAL DESCRIPTION
Extent 185 p.
526 ## - STUDY PROGRAM INFORMATION NOTE
Program name 0
Interest level 0
Reading level 0
Title point value 347_090000000000000_BHA
526 ## - STUDY PROGRAM INFORMATION NOTE
Program name 0
Interest level 0
Reading level 0
Title point value 347_090000000000000_BHA
650 #0 - SUBJECT ADDED ENTRY--TOPICAL TERM
Topical term or geographic name entry element MCE
9 (RLIN) 379
942 ## - ADDED ENTRY ELEMENTS (KOHA)
Source of classification or shelving scheme
Koha item type Book
Holdings
Withdrawn status Lost status Source of classification or shelving scheme Damaged status Not for loan Permanent Location Current Location Date acquired Total Checkouts Full call number Barcode Date last seen Price effective from Koha item type
          Military College of Engineering (MCE) Military College of Engineering (MCE) 02/04/2014   347.09 BHA MCE-1910 02/04/2014 02/04/2014 Book
          Military College of Engineering (MCE) Military College of Engineering (MCE) 02/11/2014   347.09 BHA MCE-1911 02/11/2014 02/11/2014 Book
© 2023 Central Library, National University of Sciences and Technology. All Rights Reserved.